Подробности
| 000 -МАРКЕР |
| контрольное поле |
03253nam0a2200397 4500 |
| 001 - ИДЕНТИФИКАТОР ЗАПИСИ |
| контрольное поле |
RU\NLR\BIBL_A\012775122 |
| 005 - ИДЕНТИФИКАТОР ВЕРСИИ |
| контрольное поле |
20220601140251.0 |
| 010 ## - МЕЖДУНАРОДНЫЙ СТАНДАРТНЫЙ НОМЕР КНИГИ (ISBN) |
| Номер (ISBN) |
978-5-98672-541-3 |
| Тираж |
500 |
| 021 ## - НОМЕР ГОСУДАРСТВЕННОЙ РЕГИСТРАЦИИ |
| Код страны |
Российская Федерация |
| Номер |
КН-П-22-002771 |
| Номер Листа государственной регистраци |
КН-П-22-0207 |
| 035 ## - ДРУГИЕ СИСТЕМНЫЕ НОМЕРА |
| Идентификатор записи |
(NLR Aleph) 012775122 |
| 035 ## - ДРУГИЕ СИСТЕМНЫЕ НОМЕРА |
| Идентификатор записи |
(RuMoRGB)010961874 |
| 100 ## - ДАННЫЕ ОБЩЕЙ ОБРАБОТКИ |
| Данные общей обработки |
20220428d2021 k y0rusy50 ca |
| 101 0# - ЯЗЫК РЕСУРСА |
| Язык текста, звукозаписи и т.д. |
русский |
| 102 ## - СТРАНА ПУБЛИКАЦИИ ИЛИ ПРОИЗВОДСТВА |
| Страна публикации |
Российская Федерация |
| 105 ## - ПОЛЕ КОДИРОВАННЫХ ДАННЫХ: ТЕКСТОВЫЕ МАТЕРИАЛЫ, МОНОГРАФИЧЕСКИЕ |
| Кодированные данные о монографическом текстовом документе |
c||z|||000zy |
| 181 #0 - ПОЛЕ КОДИРОВАННЫХ ДАННЫХ: ВИД СОДЕРЖАНИЯ |
| Код вида содержания (ISBD) |
i3 |
| Код характеристики содержания (ISBD) |
axxe |
| 182 #0 - ПОЛЕ КОДИРОВАННЫХ ДАННЫХ: ТИП СРЕДСТВА |
| Код типа средства (ISBD) |
n - непосредственное |
| 200 1# - ЗАГЛАВИЕ И СВЕДЕНИЯ ОБ ОТВЕТСТВЕННОСТИ |
| Основное заглавие |
Геотехнологическая и экологическая безопасность городского подземного строительства |
| Сведения, относящиеся к заглавию |
монография |
| Первые сведения об ответственности |
Е.Ю. Куликова, С.А. Жуков |
| 203 ## - ВИД СОДЕРЖАНИЯ И ТИП СРЕДСТВА |
| Вид содержания |
Текст |
| Дополнительные сведения об издании |
визуальный |
| Тип средства |
непосредственный |
| 210 ## - ПУБЛИКАЦИЯ, РАСПРОСТРАНЕНИЕ И ДР. |
| Место издания, распространения и т.д. |
Москва |
| Имя издателя, распространителя и т. д. |
Горная книга |
| Дата издания, распространения и т.д. |
2021 |
| 215 ## - ФИЗИЧЕСКАЯ ХАРАКТЕРИСТИКА |
| Специфическое обозначение материала и объем |
714, [3] с. |
| Другие сведения о физической характеристике |
ил., табл., цв. ил., портр. |
| Размеры |
29 |
| 225 1# - СЕРИЯ |
| Основное заглавие серии |
Подземное строительство |
| Сведения, относящиеся к заглавию |
ПС |
| 300 ## - ОБЩИЕ ПРИМЕЧАНИЯ |
| Текст примечания |
В конце кн. 1-й авт.: Куликова Е.Ю., д-р техн. наук, проф., лауреат премии Правительства РФ, лауреат премии "Золотое перо горняка", чл.-кор. Рос. акад. естеств. наук, Рос. инж. акад., действ. чл. Рос. эколог. акад. |
| 320 ## - ПРИМЕЧАНИЯ О НАЛИЧИИ В ДОКУМЕНТЕ БИБЛИОГРАФИИ / УКАЗАТЕЛЯ |
| Текст примечания |
Библиогр.: с. 702-709 (147 назв.) |
| 330 ## - РЕЗЮМЕ ИЛИ РЕФЕРАТ |
| Текст примечания |
В монографии рассмотрены основные аспекты обеспечения геотехнологической и экологической безопасности при освоении подземного пространства городов: технологическая и экологическая надежности подземных сооружений города, способы идентификации и управления рисками, виды мониторинга и экологического аудита. Книга рассчитана на широкий круг читателей: проектировщиков, производственников, предпринимателей, работников научных и учебных учреждений, аспирантов, магистров и студентов высших учебных заведений, обучающихся по специальности <Шахтное и подземное строительство> |
| 606 1# - НАИМЕНОВАНИЕ ТЕМЫ КАК ПРЕДМЕТ |
| Наименование темы |
Городские подземные сооружения |
| Тематический подзаголовок |
Строительство |
| Системный номер авторитетной/нормативной записи |
888247 |
| Идентификатор авторитетной/нормативной записи |
RU\NLR\AUTH\66320843 |
| 675 ## - УНИВЕРСАЛЬНАЯ ДЕСЯТИЧНАЯ КЛАССИФИКАЦИЯ (UDC/УДК) |
| Индекс |
624.1:504 |
| Издание |
4 |
| 686 1# - ИНДЕКСЫ ДРУГИХ КЛАССИФИКАЦИЙ |
| Индекс |
Н78-06 |
| 700 #1 - ИМЯ ЛИЦА - ПЕРВИЧНАЯ ОТВЕТСТВЕННОСТЬ |
| Графика поля |
Кириллица |
| Материалы, к которым относится поле |
rus |
| Начальный элемент ввода |
Куликова |
| Часть имени, кроме начального элемента ввода |
Е. Ю. |
| Дополнения к именам, кроме дат |
д-р техн. наук, геоэкология |
| Расширение инициалов личного имени |
Елена Юрьевна |
| Системный номер авторитетной/нормативной записи |
17163 |
| Идентификатор авторитетной/нормативной записи |
RU\NLR\AUTH\7734157 |
| 701 #1 - ИМЯ ЛИЦА - АЛЬТЕРНАТИВНАЯ ОТВЕТСТВЕННОСТЬ |
| Графика поля |
Кириллица |
| Материалы, к которым относится поле |
rus |
| Начальный элемент ввода |
Жуков |
| Часть имени, кроме начального элемента ввода |
С. А. |
| Дополнения к именам, кроме дат |
специалист в области метростроения |
| Даты |
1973- |
| Расширение инициалов личного имени |
Сергей Анатольевич |
| Системный номер авторитетной/нормативной записи |
242764 |
| Идентификатор авторитетной/нормативной записи |
RU\NLR\AUTH\770242820 |
| 942 ## - ДОПОЛНИТЕЛЬНЫЕ ЭЛЕМЕНТЫ ЗАПИСИ (АБИС) |
| Тип экземпляра АБИС |
Книга |
| 980 ## - КОЛЛЕКЦИЯ |
| Название коллекции |
Национальная библиография |